000
00295 a2200109 4500
020
_a
0836135946
050
_a
BV639.P6
_b
C27 1992
245
_a
Caring for the least of these /
_c
edited by David Caes
260
_a
Scottdale :
_b
Herald Press ,
_c
c1992.
300
_a
176 p. ;
_c
21 cm.
942
_2
lcc
_c
BK
_n
0
999
_c
495
_d
495